| 000 | 00575nam a2200181Ia 4500 | ||
|---|---|---|---|
| 008 | 100921s9999 xx 000 0 und d | ||
| 082 |
_b11219 _a891.463 थ 75 |
||
| 100 | _aभिडे माधुरी. | ||
| 245 | _aहतभागिनी. | ||
| 260 |
_bमनमोहिनी प्रकाशन,पुणे. _c1975 |
||
| 300 |
_a119 _b--- |
||
| 365 | _b10 | ||
| 520 | _aललित-कादंबरी. | ||
| 630 | _aहतभागिनी. | ||
| 650 | _aललित-कादंबरी. | ||
| 730 | _aहतभागिनी. | ||
| 942 | _cBOOK | ||
| 999 |
_c760332 _d760329 |
||